| 000 | 01015nam a22002537a 4500 | ||
|---|---|---|---|
| 999 |
_c16939 _d16939 |
||
| 003 | AR-CdUCM | ||
| 008 | 190506b ||||| |||| 00| 0 spa d | ||
| 040 |
_aMUNICIPALIDAD PROVINCIAL DEL CUSCO _cBIBLIOTECA MUNICIPAL DEL CUSCO |
||
| 041 | _hfre | ||
| 082 |
_a980.12 / _bR68 |
||
| 100 |
_aRivet, Paúl _936697 |
||
| 245 | _aLos orígenes del hombre americano / | ||
| 260 |
_aMéxico, D.F : _bFondo de Cultura Económica, _c1960. |
||
| 300 |
_a198 páginas ; _bmapas, láminas, ilustraciones, _c18 cm. |
||
| 440 |
_aColección Popular. _n20 _936698 |
||
| 505 | _aContenido: América desde el punto de vista geológico -- Antiguedad del hombre en América -- El poblamiento de América por Asia -- El problema esquimal -- Los australianos en América ... | ||
| 650 |
_aAntropología _9878 |
||
| 650 |
_aIndígenas de América _96317 |
||
| 650 |
_aAntigüedades _930188 |
||
| 700 |
_aRecasens, José _936699 |
||
| 700 |
_aVillegas Carlos (traducción) _929169 |
||
| 942 |
_2ddc _cLIBROS |
||
| 945 |
_aachl _d2019-05-06 |
||